[Event "Pan American-ch U2000"]
[Site "Timbo"]
[Date "2021.12.01"]
[Round "1"]
[White "Predebon, Eduardo Angonesi"]
[Black "Mota, Romulo Rodrigues"]
[Result "1-0"]
[WhiteElo "1752"]
[BlackElo "1922"]
[PlyCount "63"]
[EventDate "2021.12.01"]
[EventType "swiss"]
[EventRounds "9"]
[EventCountry "BRA"]
[SourceTitle "CBM 205 Extra"]
[Source "ChessBase"]
[SourceDate "2022.01.31"]
[SourceVersion "1"]
[SourceVersionDate "2022.01.31"]
[SourceQuality "1"]

1. e4 c5 2. Nf3 d6 3. d4 cxd4 4. Nxd4 Nf6 5. Nc3 g6 6. Be3 Bg7 7. f3 Nc6 8. Qd2 0-0 9. 0-0-0 Bd7 10. g4 Rc8 11. h4 h5 12. g5 Ne8 13. f4 Bg4 14. Be2 Bxe2 15. Ncxe2 Qb6 16. Nb3 Qa6 17. a3 Nc7 18. Ned4 Nb5 19. Nxb5 Qxb5 20. Qh2 Qa4 21. f5 Kh7 22. Rhf1 Na5 23. Rd3 b6 24. Kb1 e6 25. fxg6+ Kxg6 26. Qxd6 Bxb2 27. Rxf7 Kxf7 28. g6+ Kxg6 29. Qxe6+ Bf6 30. Qf5+ Kg7 31. Rd7+ Rf7 32. Bh6+ 1-0

[Event "Florianopolis op 09"]
[Site "Florianopolis"]
[Date "2021.09.26"]
[Round "5"]
[White "Mota, Romulo Rodrigues"]
[Black "Caetano, Ryan Wesley da Cost"]
[Result "0-1"]
[WhiteElo "1916"]
[BlackElo "2199"]
[PlyCount "74"]
[EventDate "2021.09.24"]
[EventType "swiss"]
[EventRounds "6"]
[EventCountry "BRA"]
[SourceTitle "EXT 2024"]
[Source "ChessBase"]
[SourceDate "2023.10.10"]
[SourceVersion "1"]
[SourceVersionDate "2023.10.10"]
[SourceQuality "1"]

1. d4 Nf6 2. Bf4 e6 3. e3 c5 4. c3 d5 5. Nd2 Nc6 6. Bd3 a6 7. a4 Bd6 8. Ngf3 Bxf4 9. exf4 cxd4 10. cxd4 Qb6 11. Qb3 Qa7 12. Qc3 0-0 13. Nb3 a5 14. 0-0 Nb4 15. Ne5 b6 16. Nc6 Nxc6 17. Qxc6 Bd7 18. Qd6 Rfc8 19. Nd2 Qc7 20. Qe5 Qd8 21. Nb1 Qf8 22. Nc3 Qb4 23. Rfb1 Ng4 24. Qh5 f5 25. Bb5 Bxb5 26. Nxb5 Qd2 27. Rf1 Qxf4 28. Rae1 Rc6 29. g3 Qd2 30. h3 Nf6 31. Qe2 Qh6 32. Kg2 Ne4 33. Nc3 Rac8 34. f3 Nxc3 35. bxc3 f4 36. Qe5 fxg3 37. Qxg3 Rxc3 0-1

[Event "Pirai do Sul op 25th"]
[Site "Chess.com INT"]
[Date "2020.12.28"]
[Round "12"]
[White "Goncalves, Evandro Jose"]
[Black "Mota, Romulo Rodrigues"]
[Result "0-1"]
[WhiteElo "1190"]
[BlackElo "1827"]
[PlyCount "86"]
[EventDate "2020.12.26"]
[EventType "swiss"]
[EventRounds "12"]
[EventCountry "BRA"]
[SourceTitle "CBM 200 Extra"]
[Source "ChessBase"]
[SourceDate "2021.03.31"]
[SourceVersion "1"]
[SourceVersionDate "2021.03.31"]
[SourceQuality "1"]

1. d4 d5 2. Bf4 e6 3. Nf3 c5 4. c3 Nc6 5. e3 Nf6 6. Bb5 Bd7 7. Bxc6 bxc6 8. Ne5 cxd4 9. Nxd7 Qxd7 10. cxd4 c5 11. Nc3 cxd4 12. exd4 Bb4 13. 0-0 0-0 14. Qa4 Bxc3 15. Qxd7 Nxd7 16. bxc3 Rfc8 17. Rfc1 Rc4 18. Bd6 Rac8 19. Bb4 f6 20. Rab1 Nb8 21. Bc5 a5 22. Rb5 Nc6 23. f4 a4 24. a3 Nxd4 25. Bxd4 Rxd4 26. cxd4 Rxc1+ 27. Kf2 Rc3 28. g4 Rxa3 29. f5 exf5 30. gxf5 Rh3 31. Rxd5 Rxh2+ 32. Kg1 Ra2 33. Rd8+ Kf7 34. Rd7+ Kf8 35. d5 a3 36. d6 Rd2 37. Rd8+ Kf7 38. Rd7+ Ke8 39. Rxg7 a2 40. Re7+ Kd8 41. Re1 Rb2 42. Re7 a1Q+ 43. Re1 Qxe1# 0-1

[Event "Pirai do Sul op 25th"]
[Site "Chess.com INT"]
[Date "2020.12.27"]
[Round "5"]
[White "Mota, Romulo Rodrigues"]
[Black "Silva Jr, Maurides Ferreira D"]
[Result "0-1"]
[WhiteElo "1827"]
[BlackElo "1612"]
[PlyCount "44"]
[EventDate "2020.12.26"]
[EventType "swiss"]
[EventRounds "12"]
[EventCountry "BRA"]
[SourceTitle "CBM 200 Extra"]
[Source "ChessBase"]
[SourceDate "2021.03.31"]
[SourceVersion "1"]
[SourceVersionDate "2021.03.31"]
[SourceQuality "1"]

1. d4 f5 2. g3 Nf6 3. Bg2 e6 4. Nh3 d5 5. Bg5 Be7 6. Nf4 0-0 7. e3 Ne4 8. Bxe7 Qxe7 9. 0-0 Nc6 10. c3 g5 11. Nd3 Bd7 12. Nd2 Be8 13. Nf3 Bh5 14. Qc2 Bxf3 15. Bxf3 g4 16. Bxe4 dxe4 17. Nf4 e5 18. Qb3+ Qf7 19. Nd5 Rfd8 20. Nf6+ Kg7 21. Qxf7+ Kxf7 22. Nh5 Kg6 0-1

[Event "Pirai do Sul op 25th"]
[Site "Chess.com INT"]
[Date "2020.12.27"]
[Round "6"]
[White "Silva Jr, Maurides Ferreira D"]
[Black "Mota, Romulo Rodrigues"]
[Result "1-0"]
[WhiteElo "1612"]
[BlackElo "1827"]
[PlyCount "25"]
[EventDate "2020.12.26"]
[EventType "swiss"]
[EventRounds "12"]
[EventCountry "BRA"]
[SourceTitle "CBM 200 Extra"]
[Source "ChessBase"]
[SourceDate "2021.03.31"]
[SourceVersion "1"]
[SourceVersionDate "2021.03.31"]
[SourceQuality "1"]

1. Nf3 e6 2. d4 d5 3. a3 Nf6 4. Bg5 Be7 5. Nc3 c5 6. dxc5 Bxc5 7. Bxf6 Qxf6 8. e3 0-0 9. g3 Nc6 10. Bg2 Rd8 11. 0-0 a6 12. Qd2 Ne7 13. Ne4 1-0

[Event "Pirai do Sul op 25th"]
[Site "Chess.com INT"]
[Date "2020.12.26"]
[Round "3"]
[White "Machado, Paulo Brizola"]
[Black "Mota, Romulo Rodrigues"]
[Result "0-1"]
[WhiteElo "1577"]
[BlackElo "1827"]
[PlyCount "62"]
[EventDate "2020.12.26"]
[EventType "swiss"]
[EventRounds "12"]
[EventCountry "BRA"]
[SourceTitle "CBM 200 Extra"]
[Source "ChessBase"]
[SourceDate "2021.03.31"]
[SourceVersion "1"]
[SourceVersionDate "2021.03.31"]
[SourceQuality "1"]

1. e4 e6 2. d4 d5 3. e5 c5 4. c3 Nc6 5. Nf3 Qb6 6. a3 Nh6 7. Be2 cxd4 8. cxd4 Nf5 9. Nc3 Nfxd4 10. Na4 Nxf3+ 11. Bxf3 Qd4 12. 0-0 Bd7 13. Bd2 Nxe5 14. Bc3 Nxf3+ 15. Qxf3 Qxa4 16. Rfe1 Bc6 17. Qg3 d4 18. Bd2 Qb5 19. b4 Qf5 20. a4 Qg6 21. Qh3 Be7 22. b5 Bd5 23. Rac1 0-0 24. Bf4 Rac8 25. Rcd1 Rc3 26. g3 Bf6 27. Bd6 Rfc8 28. Bb4 Rc2 29. Rd2 Rxd2 30. Bxd2 Qd3 31. Bf4 Qf3 0-1

[Event "Sao Bento do Sul op"]
[Site "Sao Bento do Sul"]
[Date "2019.08.25"]
[Round "7"]
[White "Mota, Romulo Rodrigues"]
[Black "Rodrigues Mota, Romulo Cardoso S"]
[Result "1-0"]
[WhiteElo "1923"]
[BlackElo "1704"]
[PlyCount "59"]
[EventDate "2019.08.23"]
[EventType "swiss"]
[EventRounds "7"]
[EventCountry "BRA"]
[SourceTitle "EXT 2020"]
[Source "ChessBase"]
[SourceDate "2019.10.17"]
[SourceVersion "1"]
[SourceVersionDate "2019.10.17"]
[SourceQuality "1"]

1. e4 c5 2. Nf3 d6 3. d4 cxd4 4. Nxd4 Nf6 5. Nc3 g6 6. Be3 Bg7 7. f3 0-0 8. Qd2 Nc6 9. Bc4 a6 10. 0-0-0 Qc7 11. Bb3 b5 12. Nxc6 Qxc6 13. Nd5 Qd7 14. g4 Nxd5 15. Bxd5 Rb8 16. h4 e6 17. Bb3 Rd8 18. h5 Bh8 19. hxg6 fxg6 20. Qh2 Rb7 21. Bg5 Qg7 22. Bxd8 Qxb2+ 23. Kd2 Be5 24. Qh6 Rf7 25. Ke2 Bf4 26. Bg5 Be5 27. Rd3 a5 28. Bc1 Qa1 29. Ba3 Bg7 30. Qxh7+ 1-0

[Event "Florianopolis op 5th"]
[Site "Florianopolis"]
[Date "2019.01.25"]
[Round "7"]
[White "De Lima, Alexsandro Barros"]
[Black "Mota, Romulo Rodrigues"]
[Result "1-0"]
[WhiteElo "2168"]
[BlackElo "1993"]
[PlyCount "50"]
[EventDate "2019.01.21"]
[EventType "swiss"]
[EventRounds "10"]
[EventCountry "BRA"]
[SourceTitle "CBM 188 Extra"]
[Source "ChessBase"]
[SourceDate "2019.02.26"]
[SourceVersion "1"]
[SourceVersionDate "2019.02.26"]
[SourceQuality "1"]

1. e4 e6 2. Qe2 c5 3. Nf3 Nc6 4. c3 b6 5. d4 d6 6. d5 Nce7 7. c4 e5 8. Nc3 f5 9. g3 Nf6 10. Bg2 Neg8 11. exf5 Bxf5 12. h3 a6 13. Nh4 Qd7 14. f4 e4 15. 0-0 Qe7 16. Re1 0-0-0 17. a4 Nh6 18. a5 b5 19. cxb5 axb5 20. Nxb5 Nxd5 21. a6 Be6 22. a7 Nb6 23. Bd2 Re8 24. Ra6 Kb7 25. Rea1 Na8 1-0

[Event "Florianopolis op 5th"]
[Site "Florianopolis"]
[Date "2019.01.23"]
[Round "4"]
[White "Mota, Romulo Rodrigues"]
[Black "Campelo, Leandro Fabricio"]
[Result "1-0"]
[WhiteElo "1993"]
[BlackElo "2201"]
[PlyCount "66"]
[EventDate "2019.01.21"]
[EventType "swiss"]
[EventRounds "10"]
[EventCountry "BRA"]
[SourceTitle "CBM 188 Extra"]
[Source "ChessBase"]
[SourceDate "2019.02.26"]
[SourceVersion "1"]
[SourceVersionDate "2019.02.26"]
[SourceQuality "1"]

1. d4 Nf6 2. Bf4 g6 3. e3 Bg7 4. Nf3 0-0 5. h3 d6 6. Be2 Nc6 7. 0-0 Nd7 8. Bh2 e5 9. c4 e4 10. Nfd2 f5 11. Nc3 Kh8 12. Rc1 Nf6 13. a3 a5 14. Nb5 Ne8 15. Nb1 Ne7 16. b4 axb4 17. axb4 c6 18. N5c3 d5 19. c5 g5 20. Na4 f4 21. Nb6 Ra7 22. Nd2 f3 23. gxf3 Bxh3 24. fxe4 Bxf1 25. Qxf1 dxe4 26. Nxe4 Nd5 27. Qh3 Nxb6 28. cxb6 Ra2 29. Bd3 Ra3 30. Bc7 Qe7 31. Bb1 Ra2 32. Nc5 h6 33. Be5 Ra1 1-0

[Event "Florianopolis op 5th"]
[Site "Florianopolis"]
[Date "2019.01.22"]
[Round "3"]
[White "Teramoto, Anderson"]
[Black "Mota, Romulo Rodrigues"]
[Result "0-1"]
[WhiteElo "1659"]
[BlackElo "1993"]
[PlyCount "42"]
[EventDate "2019.01.21"]
[EventType "swiss"]
[EventRounds "10"]
[EventCountry "BRA"]
[SourceTitle "CBM 188 Extra"]
[Source "ChessBase"]
[SourceDate "2019.02.26"]
[SourceVersion "1"]
[SourceVersionDate "2019.02.26"]
[SourceQuality "1"]

1. d4 e6 2. c4 d5 3. e3 c6 4. Nc3 Bd6 5. Nf3 f5 6. cxd5 exd5 7. Bd3 Nf6 8. Bd2 Qe7 9. 0-0 0-0 10. Rc1 Ne4 11. Ne2 Nd7 12. Bc3 Rf6 13. Re1 Rh6 14. Ng3 Ndf6 15. Bxe4 Nxe4 16. Nxe4 fxe4 17. Ne5 Qg5 18. f4 Qh4 19. Qd2 Qxh2+ 20. Kf2 Qh4+ 21. Kg1 Be7 0-1

[Event "Caioba Telecom op"]
[Site "Caioba"]
[Date "2018.08.04"]
[Round "8"]
[White "Jabbar, Toyfeeq"]
[Black "Mota, Romulo Rodrigues"]
[Result "0-1"]
[WhiteElo "2182"]
[BlackElo "1960"]
[PlyCount "78"]
[EventDate "2018.08.01"]
[EventType "swiss"]
[EventRounds "9"]
[EventCountry "BRA"]
[SourceTitle "CBM 186 Extra"]
[Source "ChessBase"]
[SourceDate "2018.08.24"]
[SourceVersion "1"]
[SourceVersionDate "2018.08.24"]
[SourceQuality "1"]

1. d4 e6 2. c4 d5 3. Nc3 Nf6 4. cxd5 exd5 5. Bg5 Be7 6. e3 c6 7. Bd3 Nbd7 8. Nge2 a6 9. a4 Ne4 10. Bxe7 Qxe7 11. Bxe4 dxe4 12. Ng3 Nf6 13. Qc2 0-0 14. Ngxe4 Nxe4 15. Qxe4 Qb4 16. Qc2 Bf5 17. Qe2 Be6 18. f3 Bc4 19. Qd2 Rad8 20. Ne4 Qe7 21. Rc1 b5 22. Nc5 Rfe8 23. Rc3 Qh4+ 24. Kd1 Rd5 25. Nxa6 Qe7 26. b3 Bxb3+ 27. Rxb3 bxa4 28. Rd3 Qb7 29. Nc5 Rxc5 30. dxc5 Qb1+ 31. Ke2 Qxh1 32. Kf2 Qxh2 33. Qb4 Rb8 34. Qd4 h5 35. Rd2 a3 36. Ra2 h4 37. Qd6 Rb2+ 38. Rxb2 Qg3+ 39. Ke2 axb2 0-1

[Event "Caioba Telecom op"]
[Site "Caioba"]
[Date "2018.08.03"]
[Round "6"]
[White "Malbran, Guillermo"]
[Black "Mota, Romulo Rodrigues"]
[Result "1-0"]
[WhiteElo "2215"]
[BlackElo "1960"]
[PlyCount "32"]
[EventDate "2018.08.01"]
[EventType "swiss"]
[EventRounds "9"]
[EventCountry "BRA"]
[SourceTitle "CBM 186 Extra"]
[Source "ChessBase"]
[SourceDate "2018.08.24"]
[SourceVersion "1"]
[SourceVersionDate "2018.08.24"]
[SourceQuality "1"]

1. e4 e6 2. d4 d5 3. Nd2 Nf6 4. Bd3 c5 5. e5 Nfd7 6. c3 Nc6 7. Ne2 cxd4 8. cxd4 f6 9. exf6 Nxf6 10. Nf3 Bd6 11. 0-0 0-0 12. Bg5 Qc7 13. Nc1 a6 14. Re1 Bf4 15. Bxf4 Qxf4 16. h3 Bd7 1-0

[Event "Caioba Telecom op"]
[Site "Caioba"]
[Date "2018.08.03"]
[Round "5"]
[White "Mota, Romulo Rodrigues"]
[Black "Lunelli, Neuri Antonio"]
[Result "1-0"]
[WhiteElo "1960"]
[BlackElo "1786"]
[PlyCount "113"]
[EventDate "2018.08.01"]
[EventType "swiss"]
[EventRounds "9"]
[EventCountry "BRA"]
[SourceTitle "CBM 186 Extra"]
[Source "ChessBase"]
[SourceDate "2018.08.24"]
[SourceVersion "1"]
[SourceVersionDate "2018.08.24"]
[SourceQuality "1"]

1. d4 Nf6 2. Bf4 d6 3. e3 g6 4. Nf3 Bg7 5. h3 c6 6. Be2 Qa5+ 7. Qd2 Qb6 8. Nc3 Qxb2 9. 0-0 Qb4 10. a4 Qa5 11. Rfb1 0-0 12. Rb3 Nbd7 13. Rab1 e5 14. Bh2 Re8 15. dxe5 dxe5 16. Bc4 Nc5 17. Rb4 Be6 18. Bxe5 Rad8 19. Qe2 Nd5 20. Nxd5 Bxe5 21. Nxe5 Bxd5 22. Bxd5 Rxd5 23. f4 f6 24. Qc4 fxe5 25. e4 Nxe4 26. Qxe4 Qc5+ 27. Kh2 b6 28. f5 Rd4 29. Rxd4 Qxd4 30. Qxc6 Qf4+ 31. Kh1 Rf8 32. fxg6 hxg6 33. Qxg6+ Kh8 34. Re1 Rf5 35. Rd1 Rf8 36. Rd7 Qf1+ 37. Kh2 Qf4+ 38. Qg3 Qxg3+ 39. Kxg3 Rg8+ 40. Kf2 Rc8 41. Rxa7 Rxc2+ 42. Kg3 Rc4 43. Re7 Rxa4 44. Rxe5 Rb4 45. Re7 Kg8 46. h4 b5 47. h5 Rc4 48. Rb7 b4 49. Kh3 Rc3+ 50. Kh4 b3 51. g4 Kh8 52. h6 Rd3 53. g5 Rd4+ 54. Kh5 Rd3 55. g6 Rh3+ 56. Kg5 Rg3+ 57. Kf5 1-0

[Event "Caioba Telecom op"]
[Site "Caioba"]
[Date "2018.08.01"]
[Round "2"]
[White "Mota, Romulo Rodrigues"]
[Black "Almiron, Antonio"]
[Result "0-1"]
[WhiteElo "1960"]
[BlackElo "2351"]
[PlyCount "42"]
[EventDate "2018.08.01"]
[EventType "swiss"]
[EventRounds "9"]
[EventCountry "BRA"]
[SourceTitle "CBM 186 Extra"]
[Source "ChessBase"]
[SourceDate "2018.08.24"]
[SourceVersion "1"]
[SourceVersionDate "2018.08.24"]
[SourceQuality "1"]

1. d4 g6 2. Bf4 Bg7 3. e3 d6 4. Nf3 Nd7 5. Be2 e5 6. Bg3 Nh6 7. h3 0-0 8. c4 Nf5 9. Bh2 exd4 10. exd4 Qf6 11. 0-0 Nxd4 12. Nxd4 Qxd4 13. Nc3 Qxd1 14. Nxd1 Re8 15. Re1 Nc5 16. Kf1 Bf5 17. g4 Bd3 18. Rc1 Bh6 19. f4 Rxe2 20. Rxe2 Re8 21. Nc3 Bg7 0-1

[Event "Belem Amazon op U2200"]
[Site "Belem"]
[Date "2018.05.19"]
[Round "3"]
[White "Mota, Romulo Rodrigues"]
[Black "Soares, Maykon Anderson De"]
[Result "1-0"]
[WhiteElo "1928"]
[BlackElo "1538"]
[PlyCount "35"]
[EventDate "2018.05.18"]
[EventType "swiss"]
[EventRounds "6"]
[EventCountry "BRA"]
[SourceTitle "EXT 2019"]
[Source "ChessBase"]
[SourceDate "2018.10.10"]
[SourceVersion "1"]
[SourceVersionDate "2018.10.10"]
[SourceQuality "1"]

1. d4 d5 2. Bf4 Nf6 3. e3 e6 4. Bd3 Bd6 5. Bg3 0-0 6. Nf3 c5 7. c3 c4 8. Bc2 Nc6 9. Nbd2 b5 10. Ne5 Bxe5 11. dxe5 Nd7 12. f4 Nc5 13. Nf3 b4 14. Bxh7+ Kh8 15. Nd4 Nd3+ 16. Bxd3 cxd3 17. Nxc6 Qb6 18. Qh5+ 1-0

[Event "Para State-ch final"]
[Site "Belem"]
[Date "2017.12.03"]
[Round "5.5"]
[White "Nascimento, Pablo"]
[Black "Mota, Romulo Rodrigues"]
[Result "0-1"]
[WhiteElo "2028"]
[BlackElo "1863"]
[PlyCount "37"]
[EventDate "2017.12.01"]
[EventType "swiss"]
[EventRounds "6"]
[EventCountry "BRA"]
[SourceTitle "CBM 182 Extra"]
[Source "ChessBase"]
[SourceDate "2018.02.23"]
[SourceVersion "1"]
[SourceVersionDate "2018.02.23"]
[SourceQuality "1"]

1. e4 e6 2. d4 d5 3. Nc3 Nf6 4. Bg5 Be7 5. e5 Nfd7 6. h4 c5 7. Nb5 f6 8. exf6 Nxf6 9. Nf3 a6 10. Nc3 Nc6 11. Bd3 b5 12. Qe2 Qd6 13. 0-0-0 Bd7 14. Kb1 0-0-0 15. Rhe1 h6 16. Bxf6 gxf6 17. a4 e5 18. axb5 Nxd4 19. Nxd4 0-1

[Event "Para State-ch final"]
[Site "Belem"]
[Date "2017.12.02"]
[Round "3.5"]
[White "Mota, Romulo Rodrigues"]
[Black "Medeiros, Jose Eduardo Guimar"]
[Result "1-0"]
[WhiteElo "1863"]
[BlackElo "1712"]
[PlyCount "39"]
[EventDate "2017.12.01"]
[EventType "swiss"]
[EventRounds "6"]
[EventCountry "BRA"]
[SourceTitle "CBM 182 Extra"]
[Source "ChessBase"]
[SourceDate "2018.02.23"]
[SourceVersion "1"]
[SourceVersionDate "2018.02.23"]
[SourceQuality "1"]

1. d4 Nf6 2. Bf4 e6 3. e3 c5 4. c3 d5 5. Nd2 Be7 6. Ngf3 0-0 7. Bd3 Nc6 8. h3 Bd7 9. 0-0 a6 10. Qe2 b5 11. a4 c4 12. Bc2 Qb6 13. e4 Nh5 14. Bh2 g6 15. Qe3 Rfc8 16. g4 Nf6 17. b4 Nxe4 18. Nxe4 dxe4 19. Bxe4 Rab8 20. axb5 1-0

[Event "Belem zt"]
[Site "Belem"]
[Date "2017.08.20"]
[Round "5"]
[White "Cohen Farias, Paulo"]
[Black "Mota, Romulo Rodrigues"]
[Result "1-0"]
[WhiteElo "2164"]
[BlackElo "1840"]
[PlyCount "29"]
[EventDate "2017.08.18"]
[EventType "swiss"]
[EventRounds "6"]
[EventCountry "BRA"]
[SourceTitle "CBM 180 Extra"]
[Source "ChessBase"]
[SourceDate "2017.10.06"]
[SourceVersion "1"]
[SourceVersionDate "2017.10.06"]
[SourceQuality "1"]

1. d4 e6 2. e4 d5 3. Nc3 Nf6 4. e5 Nfd7 5. Qh5 c5 6. Nf3 cxd4 7. Nb5 Nc6 8. Bg5 Qa5+ 9. Bd2 Qb6 10. a4 g6 11. Qg5 Ndxe5 12. Nxe5 a6 13. a5 Qd8 14. Qxd8+ Nxd8 15. Nc7+ 1-0

[Event "Belem zt"]
[Site "Belem"]
[Date "2017.08.20"]
[Round "6"]
[White "Mota, Romulo Rodrigues"]
[Black "Rodrigues Mota, Romulo Cardoso S"]
[Result "1/2-1/2"]
[WhiteElo "1840"]
[BlackElo "1380"]
[PlyCount "44"]
[EventDate "2017.08.18"]
[EventType "swiss"]
[EventRounds "6"]
[EventCountry "BRA"]
[SourceTitle "CBM 180 Extra"]
[Source "ChessBase"]
[SourceDate "2017.10.06"]
[SourceVersion "1"]
[SourceVersionDate "2017.10.06"]
[SourceQuality "1"]

1. d4 d5 2. Bf4 Nf6 3. e3 e6 4. Nf3 Bd6 5. Bg3 0-0 6. Bd3 c5 7. c3 Nc6 8. Nbd2 Re8 9. Ne5 Qc7 10. h4 Ne7 11. 0-0 Nf5 12. Bh2 Nd7 13. g4 Bxe5 14. gxf5 c4 15. fxe6 Rxe6 16. Bc2 Bd6 17. Nf3 Nf6 18. Ne5 Ne4 19. Bxe4 dxe4 20. Qe2 Bxe5 21. dxe5 Rg6+ 22. Bg3 Bg4 1/2-1/2